[Event "Cto. Madrid 2016/2017 - Semifinal"]
[Site "Madrid ESP"]
[Date "2017.04.03"]
[Round "6.13"]
[White "Casares Ripoll, Fernando"]
[Black "Rosa Ramirez, Victor Diego"]
[Result "1-0"]
[WhiteElo "2106"]
[BlackElo "1945"]
[PlyCount "115"]
[EventDate "2017.03.27"]
[EventType "swiss"]
[EventRounds "9"]
[EventCountry "ESP"]
[SourceTitle "AeM"]
[Source "lmi"]
[SourceDate "2017.03.27"]

1. e4 e6 2. d4 d5 3. exd5 exd5 4. Bd3 Bd6 5. Nf3 Nc6 6. c3 Bg4 7. O-O Nge7 8.
Re1 Qd7 9. Nbd2 O-O 10. Nf1 h6 11. h3 Be6 12. Ne5 Nxe5 13. dxe5 Bc5 14. Be3 Bb6
15. Qh5 Bf5 16. Bxf5 Qxf5 17. Qxf5 Nxf5 18. Bxb6 axb6 19. Ne3 Ne7 20. a3 b5 21.
Rad1 c6 22. f4 g6 23. Ng4 h5 24. Nf6+ Kg7 25. g4 h4 26. Rf1 Ng8 27. Nd7 Rfd8
28. Nc5 Ra7 29. f5 b6 30. Nd3 Re8 31. Rde1 g5 32. Nb4 Rc7 33. Re2 Kf8 34. Rfe1
Ne7 35. Nc2 Ra8 36. Nd4 Rac8 37. f6 Ng6 38. e6 fxe6 39. Nxe6+ Kf7 40. Nxc7 Rxc7
41. Re6 Rc8 42. Rd6 c5 43. Rxd5 Nf4 44. Rd6 Nxh3+ 45. Kh2 Nf2 46. Re7+ Kf8 47.
Rh7 Kg8 48. Rg7+ Kf8 49. Rxg5 Ne4 50. Rgd5 Nxd6 51. Rxd6 b4 52. g5 Kf7 53. Rxb6
bxc3 54. bxc3 Ra8 55. Rb7+ Kg6 56. Rg7+ Kf5 57. f7 Rf8 58. g6 1-0

[Event "Cto. Madrid 2016/2017 - Semifinal"]
[Site "Madrid ESP"]
[Date "2017.04.03"]
[Round "6.14"]
[White "Lopez Heras, Arturo"]
[Black "Martinez Fernandez, Raul"]
[Result "0-1"]
[WhiteElo "1905"]
[BlackElo "2059"]
[PlyCount "50"]
[EventDate "2017.03.27"]
[EventType "swiss"]
[EventRounds "9"]
[EventCountry "ESP"]
[SourceTitle "AeM"]
[Source "lmi"]
[SourceDate "2017.03.27"]

1. d4 d5 2. c4 c6 3. Nf3 Nf6 4. Nc3 dxc4 5. a4 Bf5 6. e3 e6 7. Bxc4 Nbd7 8. O-O
Bb4 9. Nh4 O-O 10. Nxf5 exf5 11. Na2 Bd6 12. Qf3 g6 13. Nc3 Qe7 14. Bd2 Rac8
15. Rfe1 Rfe8 16. e4 fxe4 17. Nxe4 Nxe4 18. Rxe4 Qxe4 19. Qxf7+ Kh8 20. Bh6
Qxd4 21. Kf1 Qf6 22. Qxd7 Rcd8 23. Qg4 Bc5 24. Qg3 Qxb2 25. Rc1 Qxc1+ 0-1

[Event "Cto. Madrid 2016/2017 - Semifinal"]
[Site "Madrid ESP"]
[Date "2017.04.03"]
[Round "6.15"]
[White "Pashov, Spas Nikolov"]
[Black "Arbunic Castro, Giovanna B"]
[Result "0-1"]
[WhiteElo "1867"]
[BlackElo "2005"]
[PlyCount "36"]
[EventDate "2017.03.27"]
[EventType "swiss"]
[EventRounds "9"]
[EventCountry "ESP"]
[SourceTitle "AeM"]
[Source "lmi"]
[SourceDate "2017.03.27"]

1. e4 c5 2. Nf3 Nc6 3. d4 cxd4 4. Nxd4 g6 5. c4 Bg7 6. Be3 Nf6 7. Nc3 d6 8. Be2
O-O 9. O-O Bd7 10. f3 Rc8 11. Rc1 a6 12. Qd2 Re8 13. Rfd1 Qa5 14. b3 Nxd4 15.
Bxd4 b5 16. Bxf6 Bxf6 17. Nd5 Qa3 18. Nb6 Qc5+ 0-1

[Event "Cto. Madrid 2016/2017 - Semifinal"]
[Site "Madrid ESP"]
[Date "2017.04.03"]
[Round "6.16"]
[White "Fernandez Garcia, Ignacio"]
[Black "Cabanas Bravo, Juan Andres"]
[Result "0-1"]
[WhiteElo "1862"]
[BlackElo "2005"]
[PlyCount "80"]
[EventDate "2017.03.27"]
[EventType "swiss"]
[EventRounds "9"]
[EventCountry "ESP"]
[SourceTitle "AeM"]
[Source "lmi"]
[SourceDate "2017.03.27"]

1. e4 e5 2. Nf3 Nc6 3. Bc4 Bc5 4. c3 Nf6 5. b4 Bb6 6. d3 d6 7. Bg5 h6 8. Bh4 g5
9. Bg3 Bg4 10. Qb3 Qd7 11. Nbd2 Be6 12. a4 a6 13. a5 Ba7 14. b5 axb5 15. Qxb5
O-O 16. a6 bxa6 17. Rxa6 Ne7 18. Qb3 Bxf2+ 19. Kxf2 Rxa6 20. Rf1 Rfa8 21. Kg1
Ra1 22. Nb1 Bxc4 23. Qxc4 Ng6 24. Nfd2 Nf4 25. Bxf4 gxf4 26. h3 Nh5 27. d4 Ng3
28. Re1 R1a4 29. Qd3 f6 30. Nf3 Qg7 31. Qb5 Kh7 32. Qd3 Ra2 33. Nfd2 Rb8 34.
Qf3 Rbb2 35. Qd3 Qg6 36. Kh2 d5 37. dxe5 dxe4 38. Qd7+ Qg7 39. e6 Qxd7 40. exd7
Rxd2 0-1

[Event "Cto. Madrid 2016/2017 - Semifinal"]
[Site "Madrid ESP"]
[Date "2017.04.03"]
[Round "6.17"]
[White "Serrano Garcia, Vicente"]
[Black "Ocana Lameiro, Oliver"]
[Result "1/2-1/2"]
[WhiteElo "1841"]
[BlackElo "1966"]
[PlyCount "165"]
[EventDate "2017.03.27"]
[EventType "swiss"]
[EventRounds "9"]
[EventCountry "ESP"]
[SourceTitle "AeM"]
[Source "lmi"]
[SourceDate "2017.03.27"]

1. d4 Nf6 2. Nf3 g6 3. Bg5 Ne4 4. Bf4 Bg7 5. e3 O-O 6. Nbd2 Nxd2 7. Qxd2 d6 8.
h3 Nd7 9. Bd3 e5 10. Bg5 Qe8 11. Bc4 Nb6 12. Bb3 exd4 13. Nxd4 c5 14. Ne2 c4
15. Qxd6 Qe5 16. Qxe5 Bxe5 17. c3 cxb3 18. axb3 Be6 19. Ra5 Bg7 20. Rb5 Bd7 21.
Rb4 Nd5 22. Rh4 f6 23. Bh6 Bxh6 24. Rxh6 g5 25. h4 g4 26. Rh5 f5 27. Ng3 Rf6
28. Rg5+ Rg6 29. Nxf5 Rxg5 30. Nh6+ Kg7 31. hxg5 Kg6 32. c4 Nb6 33. Ke2 Kxg5
34. Nf7+ Kf6 35. Nd6 Rh8 36. Nxb7 Bc6 37. Rh6+ Kg5 38. Rxc6 h5 39. Nd6 Rh7 40.
Ne4+ Kf5 41. Ng3+ Kg5 42. Rc5+ Kg6 43. Ne4 Nd7 44. Rc7 h4 45. Rxa7 h3 46. gxh3
gxh3 47. Ra1 Kf5 48. Ng3+ Ke5 49. b4 Kd6 50. Ra7 h2 51. Ra1 Ne5 52. Ra6+ Ke7
53. Ra7+ Nd7 54. Ra1 Rh3 55. Rh1 Ne5 56. b3 Kd6 57. Nf1 Nf3 58. Ng3 Ne5 59. Kf1
Rh8 60. Kg2 Ng4 61. Nf1 Rg8 62. Nxh2 Nxe3+ 63. Kf3 Nc2 64. Rd1+ Kc6 65. b5+ Kc5
66. Ng4 Nd4+ 67. Rxd4 Kxd4 68. Ne3 Rf8+ 69. Ke2 Kc3 70. b6 Kxb3 71. Kd3 Kb4 72.
Nd5+ Kc5 73. f4 Re8 74. f5 Ra8 75. Ke4 Kxc4 76. f6 Ra2 77. Ne3+ Kc5 78. f7 Ra8
79. Nd5 Rf8 80. b7 Kc6 81. Ke5 Kxb7 82. Ke6 Rxf7 83. Kxf7 1/2-1/2

[Event "Cto. Madrid 2016/2017 - Semifinal"]
[Site "Madrid ESP"]
[Date "2017.04.03"]
[Round "6.18"]
[White "Spitzer Isbert, Ramon"]
[Black "Vukotic Jovsic, Dragan"]
[Result "1/2-1/2"]
[WhiteElo "2023"]
[BlackElo "1950"]
[PlyCount "51"]
[EventDate "2017.03.27"]
[EventType "swiss"]
[EventRounds "9"]
[EventCountry "ESP"]
[SourceTitle "AeM"]
[Source "lmi"]
[SourceDate "2017.03.27"]

1. Nf3 e6 2. c4 d5 3. d4 Be7 4. Nc3 Nf6 5. Bg5 Nbd7 6. e3 O-O 7. Rc1 c6 8. Bd3
dxc4 9. Bxc4 Nd5 10. Bxe7 Qxe7 11. O-O Nxc3 12. Rxc3 e5 13. dxe5 Nxe5 14. Nxe5
Qxe5 15. Qb3 b5 16. Bd3 Bd7 17. Rfc1 Rfc8 18. Rc5 Qe7 19. Qc2 g6 20. Be4 Rab8
21. Bxc6 Rb6 22. Bxd7 Rxc5 23. Qxc5 Qxd7 24. Qc8+ Qxc8 25. Rxc8+ Kg7 26. Rc7
1/2-1/2

[Event "Cto. Madrid 2016/2017 - Semifinal"]
[Site "Madrid ESP"]
[Date "2017.04.03"]
[Round "6.20"]
[White "Garcia Serrano, Jose Manuel"]
[Black "Barragan Arriaza, Pablo"]
[Result "0-1"]
[WhiteElo "1871"]
[BlackElo "1872"]
[PlyCount "48"]
[EventDate "2017.03.27"]
[EventType "swiss"]
[EventRounds "9"]
[EventCountry "ESP"]
[SourceTitle "AeM"]
[Source "lmi"]
[SourceDate "2017.03.27"]

1. e4 g6 2. d4 Bg7 3. Nc3 d6 4. Bg5 Nd7 5. f4 c5 6. Nf3 Qb6 7. Nd5 Qa5+ 8. c3
Ngf6 9. Bxf6 Nxf6 10. Bb5+ Bd7 11. Bxd7+ Kxd7 12. Nxf6+ exf6 13. Qb3 Rhe8 14.
O-O Qb6 15. Qxf7+ Re7 16. Qc4 Rc8 17. d5 Rce8 18. Rfe1 Kc8 19. Re2 Qc7 20. Rae1
a6 21. a4 Kb8 22. Kf1 Qd7 23. a5 Qg4 24. g3 Qxf3+ 0-1

[Event "Cto. Madrid 2016/2017 - Semifinal"]
[Site "Madrid ESP"]
[Date "2017.04.03"]
[Round "6.21"]
[White "Jimenez Gonzalez, Marcos"]
[Black "Anton Quevedo, Andrea"]
[Result "1/2-1/2"]
[WhiteElo "1829"]
[BlackElo "1849"]
[PlyCount "35"]
[EventDate "2017.03.27"]
[EventType "swiss"]
[EventRounds "9"]
[EventCountry "ESP"]
[SourceTitle "AeM"]
[Source "lmi"]
[SourceDate "2017.03.27"]

1. d4 Nf6 2. c4 g6 3. g3 Bg7 4. Bg2 d5 5. cxd5 Nxd5 6. Nf3 Nb6 7. O-O O-O 8.
Nc3 Bf5 9. e4 Bg4 10. d5 Qd7 11. Bf4 h6 12. Qc2 Bxf3 13. Bxf3 Na6 14. a3 Rac8
15. Rad1 Rfd8 16. Bg2 Nc4 17. Bc1 Ne5 18. f4 1/2-1/2

[Event "Cto. Madrid 2016/2017 - Semifinal"]
[Site "Madrid ESP"]
[Date "2017.04.04"]
[Round "7.1"]
[White "Longa Yauca, Javier"]
[Black "Iagar, Razvan Gabriel"]
[Result "0-1"]
[WhiteElo "2257"]
[BlackElo "2150"]
[PlyCount "46"]
[EventDate "2017.03.27"]
[EventType "swiss"]
[EventRounds "9"]
[EventCountry "ESP"]
[SourceTitle "AeM"]
[Source "lmi"]
[SourceDate "2017.03.27"]

1. d4 d5 2. c4 c6 3. Nc3 Nf6 4. Nf3 e6 5. g3 Nbd7 6. Bg2 Be7 7. O-O O-O 8. Bf4
b6 9. Rc1 Bb7 10. Nd2 Nh5 11. e4 Nxf4 12. gxf4 dxe4 13. Ndxe4 Nf6 14. Qe2 Rc8
15. Rfe1 Qc7 16. f5 exf5 17. Ng3 Bd6 18. Nxf5 Rce8 19. Qf3 Bxh2+ 20. Kh1 Bf4
21. Rcd1 Bc8 22. Qd3 Ng4 23. Kg1 Bh2+ 0-1

[Event "Cto. Madrid 2016/2017 - Semifinal"]
[Site "Madrid ESP"]
[Date "2017.04.04"]
[Round "7.2"]
[White "Quevedo Marin, Manuel"]
[Black "Rottenwohrer Suarez, Juan"]
[Result "1-0"]
[WhiteElo "2245"]
[BlackElo "2129"]
[PlyCount "105"]
[EventDate "2017.03.27"]
[EventType "swiss"]
[EventRounds "9"]
[EventCountry "ESP"]
[SourceTitle "AeM"]
[Source "lmi"]
[SourceDate "2017.03.27"]

1. e4 c5 2. Nf3 g6 3. d4 cxd4 4. Qxd4 Nf6 5. Nc3 Nc6 6. Qa4 d6 7. e5 dxe5 8.
Nxe5 Qd4 9. Nxc6 Qxa4 10. Nxa4 bxc6 11. Bc4 Bg7 12. Bb3 O-O 13. Bd2 Nd5 14.
O-O-O Re8 15. Rhe1 e5 16. f3 f6 17. Nc5 Bf8 18. Be3 Bxc5 19. Bxc5 Be6 20. c4
Nb6 21. Rd6 Bxc4 22. Bxc4+ Nxc4 23. Rxf6 Rac8 24. g4 Nb6 25. Rd6 Kf7 26. g5 Re6
27. Rxe6 Kxe6 28. f4 Nd7 29. Bd4 Kf5 30. fxe5 Kxg5 31. e6 Nb6 32. Rf1 Re8 33.
e7 Nd5 34. Rf7 h5 35. Bc5 a6 36. Rf8 Rxe7 37. Bxe7+ Nxe7 38. a4 Nd5 39. Ra8 Nb4
40. Kd2 Kg4 41. Rb8 Nd5 42. b3 g5 43. Ra8 Kh3 44. Rxa6 Kxh2 45. Rxc6 g4 46. Rc5
Nf6 47. Ke3 g3 48. Rc2+ Kh3 49. Kf3 Nd7 50. Re2 Nc5 51. Rb2 Nd3 52. Re2 Nc5 53.
Re5 1-0

[Event "Cto. Madrid 2016/2017 - Semifinal"]
[Site "Madrid ESP"]
[Date "2017.04.04"]
[Round "7.3"]
[White "Prieto Martin, Alfonso"]
[Black "Pindado Campos, Raul"]
[Result "0-1"]
[WhiteElo "2228"]
[BlackElo "2046"]
[PlyCount "76"]
[EventDate "2017.03.27"]
[EventType "swiss"]
[EventRounds "9"]
[EventCountry "ESP"]
[SourceTitle "AeM"]
[Source "lmi"]
[SourceDate "2017.03.27"]

1. e4 c5 2. Nf3 d6 3. d4 cxd4 4. Nxd4 Nf6 5. Nc3 a6 6. Be3 e6 7. f3 Be7 8. g4
b5 9. Qd2 Bb7 10. O-O-O Nc6 11. h4 Rc8 12. g5 Nd7 13. Be2 b4 14. Na4 Qa5 15. b3
Nxd4 16. Qxd4 e5 17. Qa7 Qc7 18. Nc5 Nxc5 19. Bxc5 Qxc5 20. Qxc5 Rxc5 21. Bc4
a5 22. Rd3 h6 23. Rg1 hxg5 24. hxg5 g6 25. Kb2 a4 26. c3 Rh2+ 27. Kb1 bxc3 28.
Rxc3 Ba6 29. Rgc1 Bxg5 30. Bxa6 Bxc1 31. Rxc1 Rxc1+ 32. Kxc1 a3 33. Kb1 Rb2+
34. Ka1 Rf2 35. b4 Kd7 36. Bc4 Kc7 37. Kb1 Rxf3 38. Kc2 g5 0-1

[Event "Cto. Madrid 2016/2017 - Semifinal"]
[Site "Madrid ESP"]
[Date "2017.04.04"]
[Round "7.4"]
[White "Anton Veiga, Juan Carlos"]
[Black "Torres Bosch, Jose Francisco"]
[Result "1/2-1/2"]
[WhiteElo "2089"]
[BlackElo "2154"]
[PlyCount "33"]
[EventDate "2017.03.27"]
[EventType "swiss"]
[EventRounds "9"]
[EventCountry "ESP"]
[SourceTitle "AeM"]
[Source "lmi"]
[SourceDate "2017.03.27"]

1. e4 c5 2. Nf3 d6 3. d4 cxd4 4. Nxd4 Nf6 5. Nc3 a6 6. h3 e5 7. Nde2 Be6 8. g4
d5 9. exd5 Nxd5 10. Bg2 Bb4 11. O-O Bxc3 12. Nxc3 Nxc3 13. Qxd8+ Kxd8 14. bxc3
Kc7 15. Re1 Nc6 16. Bxc6 Kxc6 17. Rxe5 1/2-1/2

[Event "Cto. Madrid 2016/2017 - Semifinal"]
[Site "Madrid ESP"]
[Date "2017.04.04"]
[Round "7.5"]
[White "Cervino Rossel, Cristobal"]
[Black "Madina Yadarola, Martin"]
[Result "0-1"]
[WhiteElo "2045"]
[BlackElo "2243"]
[PlyCount "54"]
[EventDate "2017.03.27"]
[EventType "swiss"]
[EventRounds "9"]
[EventCountry "ESP"]
[SourceTitle "AeM"]
[Source "lmi"]
[SourceDate "2017.03.27"]

1. d4 f5 2. Nf3 Nf6 3. c4 e6 4. Nc3 Bb4 5. Bd2 b6 6. Qb3 a5 7. a3 Bxc3 8. Bxc3
Ne4 9. d5 O-O 10. h4 Na6 11. dxe6 Nac5 12. Qc2 d6 13. Ng5 Nxg5 14. hxg5 Qxg5
15. g4 Bb7 16. f3 Qf4 17. gxf5 Rxf5 18. e7 Ne4 19. fxe4 Bxe4 20. Qa4 b5 21.
cxb5 Qf2+ 22. Kd1 Bxh1 23. Kc2 Qe3 24. Qg4 Be4+ 25. Kb3 a4+ 26. Ka2 Bd5+ 27. b3
Qxc3 0-1

[Event "Cto. Madrid 2016/2017 - Semifinal"]
[Site "Madrid ESP"]
[Date "2017.04.04"]
[Round "7.6"]
[White "Correas Gonzalez, Jose Ramon"]
[Black "Alfaya Marcelo, Roberto"]
[Result "1/2-1/2"]
[WhiteElo "2080"]
[BlackElo "2193"]
[PlyCount "54"]
[EventDate "2017.03.27"]
[EventType "swiss"]
[EventRounds "9"]
[EventCountry "ESP"]
[SourceTitle "AeM"]
[Source "lmi"]
[SourceDate "2017.03.27"]

1. e4 c5 2. Nf3 d6 3. d4 cxd4 4. Nxd4 Nf6 5. Nc3 a6 6. Bc4 e6 7. Bg5 Be7 8. Qf3
Qc7 9. Bb3 Nc6 10. O-O-O Bd7 11. Qg3 O-O-O 12. f3 Na5 13. Be3 g6 14. Qf2 Kb8
15. Kb1 Rc8 16. Nxe6 Bxe6 17. Bb6 Qc6 18. Bxa5 Nd7 19. Nd5 Bxd5 20. exd5 Qb5
21. Bc3 Rxc3 22. bxc3 Bf6 23. Qf1 Qa5 24. Qc4 Bxc3 25. Qa4 Qc7 26. Qc4 Qa5 27.
Qa4 Qc7 1/2-1/2

[Event "Cto. Madrid 2016/2017 - Semifinal"]
[Site "Madrid ESP"]
[Date "2017.04.04"]
[Round "7.7"]
[White "Pana, Dorin"]
[Black "Lopez De Turiso, Jose Angel"]
[Result "0-1"]
[WhiteElo "2034"]
[BlackElo "2031"]
[PlyCount "94"]
[EventDate "2017.03.27"]
[EventType "swiss"]
[EventRounds "9"]
[EventCountry "ESP"]
[SourceTitle "AeM"]
[Source "lmi"]
[SourceDate "2017.03.27"]

1. e4 c5 2. Nf3 Nc6 3. d4 cxd4 4. Nxd4 e5 5. Nb3 Nf6 6. Nc3 Bb4 7. Bg5 Bxc3+ 8.
bxc3 h6 9. Bxf6 Qxf6 10. Bc4 d6 11. Qd3 Be6 12. Bb5 Bd7 13. Rd1 a6 14. Bc4 Ke7
15. O-O Rhd8 16. Qg3 Be6 17. Bxe6 Qxe6 18. f4 Kf8 19. f5 Qf6 20. Rd3 Rac8 21.
Rfd1 Rc7 22. Qe3 Ke7 23. Qb6 Rcd7 24. Rd5 Ke8 25. c4 Qh4 26. c5 Qxe4 27. h3 Nd4
28. Rxd6 Ne2+ 29. Kh1 Ng3+ 30. Kh2 Qf4 31. Qxd8+ Rxd8 32. Rxd8+ Ke7 33. R8d7+
Kf6 34. R7d6+ Kg5 35. Kg1 Qe3+ 36. Kh2 Nxf5 37. R6d3 Qf4+ 38. Kg1 e4 39. Rf1
Qe5 40. Rd7 Kg6 41. c4 Qc3 42. Rxb7 Qe3+ 43. Kh1 Ng3+ 44. Kh2 Nxf1+ 45. Kh1
Ng3+ 46. Kh2 Ne2 47. Rb6+ f6 0-1

[Event "Cto. Madrid 2016/2017 - Semifinal"]
[Site "Madrid ESP"]
[Date "2017.04.04"]
[Round "7.8"]
[White "Martinez Fernandez, Raul"]
[Black "Gonzalez Rivera, Eduardo"]
[Result "0-1"]
[WhiteElo "2059"]
[BlackElo "2020"]
[PlyCount "138"]
[EventDate "2017.03.27"]
[EventType "swiss"]
[EventRounds "9"]
[EventCountry "ESP"]
[SourceTitle "AeM"]
[Source "lmi"]
[SourceDate "2017.03.27"]

1. e4 e5 2. f4 exf4 3. Nf3 g5 4. Bc4 Bg7 5. d4 d6 6. O-O Be6 7. Bxe6 fxe6 8. c3
h6 9. Qb3 Qc8 10. h4 Bf6 11. hxg5 hxg5 12. Nxg5 Bxg5 13. Qb5+ Qd7 14. Qxg5 Qh7
15. Bxf4 Ne7 16. Na3 Nd7 17. Kf2 Rg8 18. Qh6 Qxe4 19. g3 Nf6 20. Rae1 Qf5 21.
Ke2 Ng4 22. Qh1 Qd5 23. Kd2 Kd7 24. Qxd5 Nxd5 25. Rh1 Rh8 26. Bg5 Rag8 27. Bh4
Nh6 28. c4 Ne7 29. Bf6 Rh7 30. Bxe7 Kxe7 31. Rh3 Rhh8 32. Reh1 Nf7 33. Rxh8
Nxh8 34. Rg1 Rg4 35. Nc2 Nf7 36. Kc3 e5 37. dxe5 Nxe5 38. Ne3 Re4 39. Nd5+ Kd8
40. b3 c6 41. Nf4 Re3+ 42. Kd2 Re4 43. Rh1 Nf3+ 44. Kd1 Re7 45. Rh8+ Kc7 46.
Rg8 Rf7 47. Nh5 d5 48. cxd5 cxd5 49. Rg7 Rxg7 50. Nxg7 Kd6 51. Ke2 Ng5 52. Kd3
Ke5 53. Ne8 Ne4 54. Nc7 Nxg3 55. a4 Ne4 56. Nb5 a5 57. Nd4 Nc5+ 58. Ke3 Ne6 59.
Nc2 d4+ 60. Kd2 Kd5 61. b4 axb4 62. Nxb4+ Kc4 63. Nc2 Nc5 64. Na3+ Kd5 65. a5
Nb3+ 66. Kd3 Nxa5 67. Nb5 Nc6 68. Nc7+ Kc5 69. Ne6+ Kb4 0-1

[Event "Cto. Madrid 2016/2017 - Semifinal"]
[Site "Madrid ESP"]
[Date "2017.04.04"]
[Round "7.9"]
[White "Cabanas Bravo, Juan Andres"]
[Black "Casares Ripoll, Fernando"]
[Result "1/2-1/2"]
[WhiteElo "2005"]
[BlackElo "2106"]
[PlyCount "70"]
[EventDate "2017.03.27"]
[EventType "swiss"]
[EventRounds "9"]
[EventCountry "ESP"]
[SourceTitle "AeM"]
[Source "lmi"]
[SourceDate "2017.03.27"]

1. e4 e5 2. f4 d5 3. Nf3 exf4 4. exd5 Nf6 5. Bb5+ Bd7 6. Qe2+ Be7 7. d6 cxd6 8.
d4 O-O 9. Bxf4 Nd5 10. Bd2 Bh4+ 11. Kd1 Bf6 12. Re1 Qb6 13. Bd3 Qxb2 14. Qe4 g6
15. Qxd5 Qxa1 16. Kc1 Bc6 17. Qxd6 Nd7 18. Ne5 Bxe5 19. dxe5 Qxa2 20. e6 fxe6
21. Rxe6 Rf7 22. Bxg6 hxg6 23. Rxg6+ Rg7 24. Bh6 Rf8 25. Rxg7+ Kh8 26. Qd4 Rf1+
27. Kd2 Qd5 28. Rxd7+ Qxd4+ 29. Rxd4 Rxb1 30. g4 Kh7 31. Bf8 Rg1 32. Bd6 Bf3
33. Bg3 Rd1+ 34. Kc3 Rxd4 35. Kxd4 Bxg4 1/2-1/2

[Event "Cto. Madrid 2016/2017 - Semifinal"]
[Site "Madrid ESP"]
[Date "2017.04.04"]
[Round "7.10"]
[White "Pablos Tenrero, Raquel"]
[Black "Corisco Beltran, Rafael"]
[Result "0-1"]
[WhiteElo "1987"]
[BlackElo "2038"]
[PlyCount "130"]
[EventDate "2017.03.27"]
[EventType "swiss"]
[EventRounds "9"]
[EventCountry "ESP"]
[SourceTitle "AeM"]
[Source "lmi"]
[SourceDate "2017.03.27"]

1. e4 c5 2. Nf3 d6 3. d4 cxd4 4. Nxd4 Nf6 5. Nc3 a6 6. h3 e6 7. g4 d5 8. Nde2
Nxe4 9. Nxe4 dxe4 10. Qxd8+ Kxd8 11. Ng3 Bd7 12. Nxe4 Bc6 13. f3 Nd7 14. Bf4
Bb4+ 15. c3 Ba5 16. Bd3 Bb6 17. O-O-O e5 18. Bg3 Ke7 19. Rhe1 f6 20. f4 Bc7 21.
fxe5 fxe5 22. Bc4 Bxe4 23. Rxe4 Rhf8 24. Bd5 Rab8 25. Re2 Bd6 26. Bh4+ Nf6 27.
Bb3 g6 28. Rf1 h6 29. g5 Nh7 30. gxh6+ g5 31. Rxf8 Rxf8 32. Bg3 Rf6 33. Bxe5
Bxe5 34. Rxe5+ Kd6 35. Re8 Rxh6 36. Rh8 Rh4 37. Bc2 Nf6 38. Rxh4 gxh4 39. Bf5
b6 40. Kd2 Ke5 41. Bc8 a5 42. Ke3 Ne4 43. Kf3 Nf6 44. Ba6 Kf5 45. a3 Nd5 46.
Bb7 Nf4 47. Bc8+ Kg5 48. Ke4 Ng2 49. Kd5 Ne3+ 50. Kc6 Nc4 51. Kb5 Nxb2 52. Be6
Kf4 53. c4 Ke5 54. Bf7 Kd4 55. a4 Kc3 56. Kxb6 Kb4 57. Be8 Nxc4+ 58. Kc6 Nb2
59. Kd5 Nxa4 60. Ke5 Nc3 61. Kf4 Nb5 62. Kg4 a4 63. Kxh4 a3 64. Bf7 Nd4 65. Ba2
Kc3 0-1

[Event "Cto. Madrid 2016/2017 - Semifinal"]
[Site "Madrid ESP"]
[Date "2017.04.04"]
[Round "7.11"]
[White "Arbunic Castro, Giovanna B"]
[Black "Vazquez Gonzalez, Francisco"]
[Result "1-0"]
[WhiteElo "2005"]
[BlackElo "1955"]
[PlyCount "105"]
[EventDate "2017.03.27"]
[EventType "swiss"]
[EventRounds "9"]
[EventCountry "ESP"]
[SourceTitle "AeM"]
[Source "lmi"]
[SourceDate "2017.03.27"]

1. e4 e5 2. Nf3 Nc6 3. Bc4 Nf6 4. d3 Bc5 5. c3 d6 6. O-O a6 7. Bb3 O-O 8. Re1
h6 9. Nbd2 Ng4 10. Re2 Bd7 11. h3 Nf6 12. Nf1 Re8 13. Ng3 Qc8 14. Kh2 Ba7 15.
Nh4 Ne7 16. d4 g5 17. Nf3 Ng6 18. Re1 Nf4 19. Bc2 Kh8 20. Nf5 Bxf5 21. exf5 e4
22. Bxf4 gxf4 23. Nh4 d5 24. Qd2 c5 25. g3 fxg3+ 26. fxg3 Kh7 27. Bb3 c4 28.
Bc2 Bb8 29. Re3 Rg8 30. Rg1 Rg5 31. Kh1 Bd6 32. Qf2 Qc7 33. g4 Rag8 34. Ree1 b5
35. Ref1 a5 36. Ng2 Nxg4 37. hxg4 Rxg4 38. f6 R8g5 39. Nh4 Bg3 40. Rxg3 Rxg3
41. Qh2 Qd7 42. Nf5 Rxf5 43. Rxf5 Qxf5 44. Qxg3 Qxf6 45. Kg2 Qg5 46. Qxg5 hxg5
47. a4 bxa4 48. Bxa4 f5 49. Bc6 g4 50. Bxd5 e3 51. Bxc4 Kg6 52. b4 axb4 53.
cxb4 1-0

[Event "Cto. Madrid 2016/2017 - Semifinal"]
[Site "Madrid ESP"]
[Date "2017.04.04"]
[Round "7.12"]
[White "Ocana Lameiro, Oliver"]
[Black "Camarero Izquierdo, Juan Carlos"]
[Result "1-0"]
[WhiteElo "1966"]
[BlackElo "1775"]
[PlyCount "107"]
[EventDate "2017.03.27"]
[EventType "swiss"]
[EventRounds "9"]
[EventCountry "ESP"]
[SourceTitle "AeM"]
[Source "lmi"]
[SourceDate "2017.03.27"]

1. Nf3 d5 2. c4 d4 3. e3 c5 4. b4 e6 5. b5 Qf6 6. Bb2 e5 7. Bd3 Bf5 8. Bxf5
Qxf5 9. exd4 exd4 10. Qe2+ Be7 11. O-O Nd7 12. d3 O-O-O 13. Nbd2 Re8 14. Ne4
Ngf6 15. Ng3 Qf4 16. Qc2 Qc7 17. a4 Bd6 18. a5 Qb8 19. a6 b6 20. Rfe1 Ne5 21.
Nxe5 Bxe5 22. Re2 h5 23. Rae1 h4 24. Nf1 h3 25. g3 g5 26. Bc1 g4 27. f3 gxf3
28. Rxe5 Rxe5 29. Bf4 Ng4 30. Bxe5 f2+ 31. Qxf2 Nxf2 32. Bxb8 Nxd3 33. Rd1 Nb2
34. Rb1 Nxc4 35. Bf4 Na3 36. Rb3 Nc2 37. Nd2 Re8 38. Kf2 Kd7 39. Nc4 Ke6 40.
Rb2 d3 41. Ne5 Nb4 42. Rd2 Rd8 43. Nc6 Nxc6 44. bxc6 c4 45. c7 Rc8 46. Ke3 Kd5
47. Rd1 Re8+ 48. Kd2 Kd4 49. Be3+ Ke4 50. Kc3 Rc8 51. Bf4 b5 52. Re1+ Kf3 53.
Re7 f5 54. Rd7 1-0

[Event "Cto. Madrid 2016/2017 - Semifinal"]
[Site "Madrid ESP"]
[Date "2017.04.04"]
[Round "7.13"]
[White "Guillo Longares, Cecilia"]
[Black "Serrano Garcia, Vicente"]
[Result "1-0"]
[WhiteElo "1919"]
[BlackElo "1841"]
[PlyCount "73"]
[EventDate "2017.03.27"]
[EventType "swiss"]
[EventRounds "9"]
[EventCountry "ESP"]
[SourceTitle "AeM"]
[Source "lmi"]
[SourceDate "2017.03.27"]

1. d4 Nf6 2. c4 c5 3. d5 b5 4. Qc2 bxc4 5. e4 g6 6. Bxc4 d6 7. Nc3 Bg7 8. Nf3
Nbd7 9. O-O O-O 10. Bf4 Nb6 11. Be2 Bb7 12. Qd2 Ne8 13. Bh6 Nc7 14. Bxg7 Kxg7
15. Ng5 f6 16. Nh3 a6 17. f4 e6 18. Bf3 exd5 19. exd5 Qd7 20. Nf2 f5 21. b4
Rfe8 22. bxc5 dxc5 23. Qb2 Nb5 24. Nxb5+ Kg8 25. Nc3 Nc4 26. Qc1 Re3 27. Ncd1
Rxf3 28. gxf3 Qxd5 29. Ne3 Qxf3 30. Qxc4+ Kg7 31. Qc3+ Kg8 32. Nfg4 Qh1+ 33.
Kf2 Qf3+ 34. Ke1 Qc6 35. Nh6+ Kf8 36. Qh8+ Ke7 37. Qxh7+ 1-0

[Event "Cto. Madrid 2016/2017 - Semifinal"]
[Site "Madrid ESP"]
[Date "2017.04.04"]
[Round "7.14"]
[White "Ortega Morales, Pedro"]
[Black "Vazquez Gonzalez, Jesus"]
[Result "1-0"]
[WhiteElo "1786"]
[BlackElo "1912"]
[PlyCount "129"]
[EventDate "2017.03.27"]
[EventType "swiss"]
[EventRounds "9"]
[EventCountry "ESP"]
[SourceTitle "AeM"]
[Source "lmi"]
[SourceDate "2017.03.27"]

1. d4 c5 2. d5 e5 3. dxe6 fxe6 4. e4 Nc6 5. Nf3 d5 6. exd5 exd5 7. c3 Nf6 8.
Bb5 Bd7 9. O-O Be7 10. Bg5 Bg4 11. Bxf6 gxf6 12. Nbd2 Qd7 13. Be2 O-O-O 14. Ne1
h5 15. Nc2 Rdg8 16. Kh1 Bd6 17. Re1 Bh3 18. Bf3 Bxg2+ 19. Bxg2 Rxg2 20. Kxg2
Rg8+ 21. Kf1 Qh3+ 22. Ke2 Re8+ 23. Ne3 d4 24. Ndf1 Qg4+ 25. Kd2 dxe3+ 26. Nxe3
Qg6 27. Qc2 Qxc2+ 28. Kxc2 Bxh2 29. Nf1 Rxe1 30. Rxe1 Be5 31. Ne3 b5 32. Rh1 a5
33. Rxh5 Kd7 34. Kd3 Ke6 35. Ke4 b4 36. cxb4 axb4 37. f4 Bd4 38. Nc4 Ne7 39.
f5+ Kd7 40. Rh7 Kd8 41. b3 Kd7 42. Na5 Kd6 43. Rh8 Nc6 44. Nc4+ Kd7 45. Rh7+
Ne7 46. a4 bxa3 47. Nxa3 Bf2 48. Nc2 Kd6 49. Rh6 Nd5 50. Rh2 Nc3+ 51. Kd3 Bg3
52. Rh8 Nd1 53. Kd2 Nf2 54. Re8 Ng4 55. Ke2 Be5 56. Ne3 Nxe3 57. Kxe3 Kc6 58.
Ke4 Bd4 59. Re6+ Kb5 60. Kd5 Kb4 61. Rb6+ Ka5 62. Rb8 Be5 63. Rb7 Bd4 64. Kc6
Ka6 65. Rb5 1-0